ARRUPE JESUIT UNIVERSITY

CORONAVIRUS -STOP THE SPREAD - CLEAN,DISINFECT,COVER

Sub-Saharan Africa : (Record no. 129152)

MARC details
000 -LEADER
fixed length control field 02135cam a2200349 a 4500
001 - CONTROL NUMBER
control field 14609815
003 - CONTROL NUMBER IDENTIFIER
control field ARRUPE
005 - DATE AND TIME OF LATEST TRANSACTION
control field 20190307103415.0
008 - FIXED-LENGTH DATA ELEMENTS--GENERAL INFORMATION
fixed length control field 061025s2006 dcua b i000 0 eng d
010 ## - LIBRARY OF CONGRESS CONTROL NUMBER
LC control number 2006299281
020 ## - INTERNATIONAL STANDARD BOOK NUMBER
International Standard Book Number 1589065654
020 ## - INTERNATIONAL STANDARD BOOK NUMBER
International Standard Book Number 9781589065659
035 ## - SYSTEM CONTROL NUMBER
System control number (OCoLC)ocm71790183
040 ## - CATALOGING SOURCE
Original cataloging agency DJB
Transcribing agency DJB
Modifying agency DLC
042 ## - AUTHENTICATION CODE
Authentication code lccopycat
043 ## - GEOGRAPHIC AREA CODE
Geographic area code fb-----
050 00 - LIBRARY OF CONGRESS CALL NUMBER
Classification number HG187.5.A357
Item number G85 2006
300 ## - PHYSICAL DESCRIPTION
Other physical details ill. ;
Dimensions 28 cm.
100 1# - MAIN ENTRY--PERSONAL NAME
Personal name Gulde, Anne-Marie.
9 (RLIN) 41026
245 10 - TITLE STATEMENT
Title Sub-Saharan Africa :
Remainder of title financial sector challenges /
Statement of responsibility, etc Anne-Marie Gulde, Catherine Pattillo, and Jakob Christensen, with Kevin Carey and Smita Wagh.
260 ## - PUBLICATION, DISTRIBUTION, ETC. (IMPRINT)
Place of publication, distribution, etc [Washington, D.C.] :
Name of publisher, distributor, etc International Monetary Fund,
Date of publication, distribution, etc c2006.
300 ## - PHYSICAL DESCRIPTION
Extent vii, 49 p. :
504 ## - BIBLIOGRAPHY, ETC. NOTE
Bibliography, etc Includes bibliographical references (p. 47-49).
520 3# - SUMMARY, ETC.
Summary, etc Financial sectors in low-income sub-Saharan Africa (SSA) are among the world's least developed. In fact, assets in most low-income African countries are smaller than those held by a single medium-sized bank in an industrial country. The absence of deep, efficient financial markets seriously challenges policy making, hinders poverty alleviation, and constrains growth. This book argues that building efficient and sound financial sectors in SSA countries will improve Africa's economic prospects. Based on a review of the key features of financial systems, it discusses the main obstacles and challenges that financial structures pose for SSA economies and recommends steps that could address major shortcomings in implementing the reform agenda.
650 #0 - SUBJECT ADDED ENTRY--TOPICAL TERM
Topical term or geographic name as entry element Finance
Geographic subdivision Africa, Sub-Saharan.
9 (RLIN) 45066
650 #0 - SUBJECT ADDED ENTRY--TOPICAL TERM
Topical term or geographic name as entry element Financial institutions
Geographic subdivision Africa, Sub-Saharan.
9 (RLIN) 45067
650 #0 - SUBJECT ADDED ENTRY--TOPICAL TERM
Topical term or geographic name as entry element Financial services industry
Geographic subdivision Africa, Sub-Saharan.
9 (RLIN) 45068
650 #0 - SUBJECT ADDED ENTRY--TOPICAL TERM
Topical term or geographic name as entry element Monetary policy
Geographic subdivision Africa, Sub-Saharan.
9 (RLIN) 45069
700 1# - ADDED ENTRY--PERSONAL NAME
Personal name Pattillo, Catherine A.
Fuller form of name (Catherine Anne)
9 (RLIN) 45070
700 1# - ADDED ENTRY--PERSONAL NAME
Personal name Christensen, Jakob.
9 (RLIN) 45071
710 2# - ADDED ENTRY--CORPORATE NAME
Corporate name or jurisdiction name as entry element International Monetary Fund.
9 (RLIN) 26656
906 ## - LOCAL DATA ELEMENT F, LDF (RLIN)
a 7
b cbc
c copycat
d 2
e ncip
f 20
g y-gencatlg
942 ## - ADDED ENTRY ELEMENTS (KOHA)
Source of classification or shelving scheme Library of Congress Classification
Koha item type Monograph ( Printed materials)
Holdings
Withdrawn status Lost status Source of classification or shelving scheme Damaged status Not for loan Collection code Home library Current library Shelving location Date acquired Total Checkouts Full call number Barcode Date last seen Price effective from Koha item type
    Library of Congress Classification     Main Collection ARRUPE LIBRARY ARRUPE LIBRARY Main Collection 07/03/2019   HG187.5.A357 G85 2006 46600004113 07/03/2019 07/03/2019 Monograph ( Printed materials)

 

Arrupe Library. PO Box MP320 Mt Pleasant, Harare, Zimbabwe
263 242 745411|librarian@aju.ac.zw